Electric machinery and transformers (Record no. 440)

000 -LEADER
fixed length control field 00469nam a2200193 4500
001 - CONTROL NUMBER
control field 440
003 - CONTROL NUMBER IDENTIFIER
control field BD-DhUET
008 - FIXED-LENGTH DATA ELEMENTS--GENERAL INFORMATION
fixed length control field 140721b xxu||||| |||| 00| 0 eng d
020 ## - INTERNATIONAL STANDARD BOOK NUMBER
International Standard Book Number 81203007755
040 ## - CATALOGING SOURCE
Transcribing agency 0
Modifying agency BD-DhUET
082 ## - DEWEY DECIMAL CLASSIFICATION NUMBER
Classification number 623.1042
Item number KOS/1991
100 ## - MAIN ENTRY--PERSONAL NAME
Personal name Kosow, Irving L.
245 ## - TITLE STATEMENT
Title Electric machinery and transformers
250 ## - EDITION STATEMENT
Edition statement 2nd ed.
260 ## - PUBLICATION, DISTRIBUTION, ETC. (IMPRINT)
Place of publication, distribution, etc. New Delhi
Name of publisher, distributor, etc. Prentice-Hall
Date of publication, distribution, etc. 1991
300 ## - PHYSICAL DESCRIPTION
Extent xiv,626p.
650 #0 - SUBJECT ADDED ENTRY--TOPICAL TERM
Topical term or geographic name as entry element Electric machinery
942 ## - ADDED ENTRY ELEMENTS (KOHA)
Koha item type General Book
Holdings
Copy number Piece designation (barcode) Koha date last seen Koha full call number Shelving location Withdrawn status Date acquired Damaged status Not for loan Sublocation or collection (holding branch) Koha date last borrowed Koha issues (times borrowed) Lost status Koha item type Source of classification or shelving scheme Price effective from Location (home branch) Koha normalized classification for sorting
11036802014-07-21623.1042/KOS/1991Circulation section 2014-07-21  Central Library, BUET   General Book 2014-07-21Central Library, BUET623_104200000000000_KOS_1991
21036812016-12-07623.1042/KOS/1991Circulation section 2014-07-21  Central Library, BUET   General Book 2014-07-21Central Library, BUET623_104200000000000_KOS_1991
31036822021-12-15623.1042/KOS/1991Circulation section 2014-07-21  Central Library, BUET2021-12-051 General Book 2014-07-21Central Library, BUET623_104200000000000_KOS_1991
41036832014-07-21623.1042/KOS/1991Circulation section 2014-07-21  Central Library, BUET   General Book 2014-07-21Central Library, BUET623_104200000000000_KOS_1991
51036842014-07-21623.1042/KOS/1991Circulation section 2014-07-21  Central Library, BUET   General Book 2014-07-21Central Library, BUET623_000000000000000_1042KOS199
61036852014-07-21623.1042/KOS/1991Circulation section 2014-07-21  Central Library, BUET   General Book 2014-07-21Central Library, BUET623_104200000000000_KOS_1991
71036862014-07-21623.1042/KOS/1991Circulation section 2014-07-21  Central Library, BUET   General Book 2014-07-21Central Library, BUET623_104200000000000_KOS_1991
81036882016-11-29623.1042/KOS/1991Circulation section 2014-07-21  Central Library, BUET   General Book 2014-07-21Central Library, BUET623_000000000000000_1042KOS199
91036892017-03-11623.1042/KOS/1991Circulation section 2014-07-21  Central Library, BUET   General Book 2014-07-21Central Library, BUET623_104200000000000_KOS_1991